000
00338 a2200157 4500
001
179397
020
_a
040
_c
Magnum
100
_a
Padilla, Gilda Figueiredo
240
1
0
_a
Casinha redonda
_l
por
245
1
0
_a
Casinha redonda
362
0
_a
1899
440
1
_a
Ao Livro Técnico
697
_a
MAGNITO: IJ/ANIMAIS
942
_c
BK
999
_c
179397
_d
179397